| 000 | 00408cam a2200157ua 4500 | ||
|---|---|---|---|
| 041 |
_aeng _h |
||
| 082 |
_a826 _bWOO/VI |
||
| 100 | _aWoolf, Leonard . | ||
| 245 | 0 | 0 |
_aVirginia Woolf and Lytton Strachey: Letters / _cLeonard Woolf. _hTextual Documents |
| 260 |
_aLondon : _bHogarth Press , _c1956. |
||
| 300 | _a118 ; . | ||
| 504 | _a | ||
| 700 | 1 | _aStrachey, James. | |
| 942 | _cBK | ||
| 999 |
_c11753 _d11753 |
||